| Tag |
First Indicator |
Second Indicator |
Subfields |
| LEADER |
00000pam a2200000 i 4500 |
| 001 |
in00000057491 |
| 005 |
20151007082145.0 |
| 008 |
790223s1979 maua 00110 eng |
| 010 |
|
|
|a 79004632
|
| 020 |
|
|
|a 0521227615
|
| 020 |
|
|
|a 0521296366 (pbk.)
|
| 035 |
|
|
|a (OCoLC)04776004
|
| 035 |
|
|
|9 AAF7456AM
|
| 040 |
|
|
|a DLC
|c DLC
|d TXA
|d UtOrBLW
|
| 049 |
|
|
|a TXAM
|c [1159722]
|
| 050 |
0 |
0 |
|a QB62.5
|b .D83
|
| 082 |
0 |
|
|a 522/.076
|
| 100 |
1 |
|
|a Duffett-Smith, Peter.
|
| 245 |
1 |
0 |
|a Practical astronomy with your calculator /
|c Peter Duffett-Smith.
|
| 264 |
|
1 |
|a Cambridge [England] ;
|a New York :
|b Cambridge University Press,
|c 1979.
|
| 300 |
|
|
|a xi, 129 pages :
|b illustrations ;
|c 21 cm.
|
| 336 |
|
|
|a text
|b txt
|2 rdacontent
|
| 337 |
|
|
|a unmediated
|b n
|2 rdamedia
|
| 338 |
|
|
|a volume
|b nc
|2 rdacarrier
|
| 500 |
|
|
|a Includes index.
|
| 650 |
|
0 |
|a Astronomy
|v Problems, exercises, etc.
|
| 650 |
|
0 |
|a Calculators.
|
| 999 |
|
|
|a MARS
|
| 999 |
f |
f |
|s e0a13f33-df98-3e6a-97b8-2d7e7e912e99
|i 0d206eff-4ac2-3657-aa9c-e8fe7080001f
|t 0
|
| 952 |
f |
f |
|p ric
|a Texas A&M University
|b Rellis Campus
|c Joint Library Facility
|d Remote Storage
|t 0
|e QB62.5 .D83
|h Library of Congress classification
|i unmediated -- volume
|m A14804575135
|
| 998 |
f |
f |
|a QB62.5 .D83
|t 0
|l Remote Storage
|